RPSs as change agents of soci-economic status of remote villages: Case study of Jalebasa RPS, Tripura, India (Record no. 67290)

MARC details
000 -LEADER
fixed length control field 00524nam a2200145Ia 4500
100 ## - MAIN ENTRY--AUTHOR NAME
Personal name Acharya Sujit
245 #0 - TITLE STATEMENT
Title RPSs as change agents of soci-economic status of remote villages: Case study of Jalebasa RPS, Tripura, India
260 ## - PUBLICATION, DISTRIBUTION, ETC. (IMPRINT)
Name of publisher PLACROSYM XXI. International Symposium on Plantation Crops, 10-12 December 2014, Kozhikode, India, pp. 220. Abstracts.
650 ## - SUBJECT ADDED ENTRY--TOPICAL TERM
Topical Term RPS
650 ## - SUBJECT ADDED ENTRY--TOPICAL TERM
Topical Term Tripura
700 ## - ADDED ENTRY--PERSONAL NAME
Personal name Majumdar A
700 ## - ADDED ENTRY--PERSONAL NAME
Personal name Nath Sudhan Chandra
942 ## - ADDED ENTRY ELEMENTS (KOHA)
Koha item type Journals
Holdings
Withdrawn status Lost status Damaged status Not for loan Home library Current library Shelving location Date acquired Koha item type
      Journals RRII Library RRII Library Statistics 08/05/2015 Journals